C++ programming for engineers and scientists

The lessons are designed to teach aspects of the C++ language and to make students aware of what is available to them in writing programs. This includes basic syntax, how to get input and output, what the operators mean, what library functions are available, and how to create classes and use objects...

ver descrição completa

Na minha lista:
Detalhes bibliográficos
Autor principal: Dorazio, Tim B.
Formato: Livro
Idioma:Undetermined
Publicado em: New York McGraw-Hill 2002
Assuntos:
Tags: Adicionar Tag
Sem tags, seja o primeiro a adicionar uma tag!
Thư viện lưu trữ: Trung tâm Học liệu Trường Đại học Cần Thơ
LEADER 00826nam a2200193Ia 4500
001 CTU_154537
008 210402s9999 xx 000 0 und d
082 |a 005.133 
082 |b D694 
100 |a Dorazio, Tim B. 
245 0 |a C++ programming for engineers and scientists 
245 0 |c Tim B. Dorazio 
260 |a New York 
260 |b McGraw-Hill 
260 |c 2002 
520 |a The lessons are designed to teach aspects of the C++ language and to make students aware of what is available to them in writing programs. This includes basic syntax, how to get input and output, what the operators mean, what library functions are available, and how to create classes and use objects. 
650 |a C++ ( Computer program language ) 
904 |i Bạch Trúc 
980 |a Trung tâm Học liệu Trường Đại học Cần Thơ